000 00378nam a2200133Ia 4500
008 230917s9999||||xx |||||||||||||| ||und||
040 _e116249
_aMAIN
041 _aEnglish
082 _a338.4791 C361I
100 _aChandra, Prabhas
245 0 _aInternational eco-tourism: Environmental rules and regulations
260 _aNew Delhi
_bKaniksha Publishers
_c2003
942 _cBK
999 _c129463
_d129463